Money In The Bank 2025 Participants - Statistics

General Stats
  • This quiz has been taken 23 times
  • The average score is 10 of 12
Answer Stats
Hint Answer % Correct
Men's Seth Rollins
100%
Men's El Grande Americano
91%
Men's LA Knight
91%
Women's Naomi
91%
Women's Rhea Ripley
91%
Women's Stephanie Vaquer
91%
Men's Andrade
82%
Women's Giulia
82%
Men's Penta
82%
Men's Solo Sikoa
82%
Women's Roxanne Perez
77%
Women's Alexa Bliss
68%
No matching quizzes found
Score Distribution
Percent of People with Each Score
Percentile by Number Answered
Your Score History
You have not taken this quiz